| 000 | 00360 a2200157 4500 | ||
|---|---|---|---|
| 001 | 182704 | ||
| 020 | _a85-7302-037-7 | ||
| 040 | _cMagnum | ||
| 100 | _aPereira, Maria Lucia da Cruz | ||
| 240 | 1 | 0 |
_aMulher 40 graus à sombra _lpor |
| 245 | 1 | 0 | _aMulher 40 graus à sombra |
| 300 | _a138 | ||
| 440 | 1 | _aObjetiva | |
| 697 | _aLITERATURA GERAL | ||
| 942 | _cBK | ||
| 999 |
_c182704 _d182704 |
||